| 000 | 00445nam a22001817a 4500 | ||
|---|---|---|---|
| 003 | MPLRDC | ||
| 005 | 20220104123645.0 | ||
| 008 | 210129b ||||| |||| 00| 0 eng d | ||
| 020 | _a7-80022-524-0 | ||
| 082 | _a415.922 SY | ||
| 100 | _a孙怡等编著 | ||
| 245 |
_a中风防治200 问 _c |
||
| 250 | _a一版四刷 | ||
| 260 |
_a _b金盾出版社 _c1996 |
||
| 300 | _b平 | ||
| 650 | _a脑血管疾病--中风 | ||
| 942 |
_cBK _o415.922 SY |
||
| 999 |
_c13154 _d13144 |
||